000 00976aam a2200313 i 4500
001 768714001
003 CO-MdFUSB
005 20260213093529.0
007 ta
008 210904t2002 spa |||| |||| 00| 0 spa d
020 _a84-7645-144-X
040 _bspa.
_aCO-MdFUSB
_cCO-MdFUSB
_dCO-MdFUSBC
_erda
041 0 _aspa
082 0 4 _223
_a492.4
_bB1671s
100 1 _aGirdlestone, Robert Baker (1836-1923)
_eautor
245 1 0 _aSinónimos del Antiguo Testamento :
_bsu ilación con la doctrina cristiana
_c/ Robert Baker Girdlestone ; traducido por Santiago Escuain
264 1 _aBarcelona, España :
_bClie,
_c[2002]
264 4 _c©2002
300 _a390 páginas
_c; 23 cm
336 _2rdacontent
_atexto
_btxt
337 _2rdamedia
_asin mediación
_bn
338 _2rdacarrier
_avolumen
_bnc
563 _aPasta dura
653 _aSinónimos
653 _aAntiguo Textamento
700 _aEscuain, Santiago.
_92132
_etraductor
942 _cBK
945 _aJTF-925
999 _c31907
_d31907